01473nam a2200373 i 450000100060000000300080000600500170001400600190003100700150005000800410006502000180010602000270012404000310015105000210018208000100020308200200021310000440023324502200027726400390049730000580053633600310059433700330062533800430065849000120070150400290071358801300074265000360087265000350090865000300094365500270097383000150100003500220101585600620103740414FlNmELB20241216221858.0m o u cr cn|||||||||190110s2015 sp a ob 000 0 spa d z9788490648667 a9788490648674 (e-book) aFINmELBbspaerdacFINmELB14aT58.6bR696 2015 a658.404a658.40380112231 aRodríguez Bermúdez, José Ramón.10aPlanificación y dirección estratégica de sistemas de información :bselección de entradas del blog de los Estudios de Informática, Multimedia y Telecomunicación de la UOC /cJosé Ramón Rodríguez. 1aBarcelona :bEditorial UOC,c2015. a1 recurso en línea (164 páginas) :bilustraciones atextobtxt2rdacontent/spa acomputadorabc2rdamedia/spa arecurso en líneabcr2rdacarrier/spa1 aTic.cer aContiene bibliografía. aDescripción basada en recurso en línea; Título de la página del título en PDF (elibro, visto el 10 de enero, 2019). 0aManagement information systems. 4aGestión de la información. 4aSistema de información. 4aLibros electrónicos. 0aTic.cer.̜ a(OCoLC)114909947440uhttps://elibro.net/ereader/politecnicointernacional/57875